000 00451nam a2200181Ia 4500
001 8258
005 20260306160556.0
008 260306t2015||||xx |||||||||||||| ||spa||
041 _aESP
082 _a370.152
_bR21
100 _aRamírez, Felipe
_eAUT
245 0 _aCognotécnicas:
_bherramientas para pensar más y mejor
260 _c2015
300 _axx, 143 páginas :
_c23 cm.
650 _aGEN
654 _aCED
942 _cLIB
_dJUS
_fJUS
_2ddc
_n
999 _c8258
_d8258